A dunaszerdahelyi járásban 8 ezer voks kellett, a Galántaiban elég volt 3 ezer

Bibliographic Details
Format: Article
Language:Hungarian
PhysicalDescription:Fotogr.
ISSN:1335-7050
Subjects:

MARC

LEADER 00000nab a2200000 a 4500
001 vtls010557267
003 SK-MaSNL
005 20260318115339.0
008 131111c20131111xo d| 000 0|hun
015 |a SNBRB2013/11 
038 |a DSZK 
040 |a DSZK  |b slo  |c DSZK  |e AACR2 
041 0 |a hun 
044 |a xo  |c SK 
080 |a 324:352  |x (437.6)  |2 2001 
245 0 0 |a A dunaszerdahelyi járásban 8 ezer voks kellett, a Galántaiban elég volt 3 ezer  |c [szerzők] (szcs,béva,lpj) 
300 |b Fotogr. 
648 7 |a 2013  |2 dszk  |9 324251 
650 0 7 |a voľby do vyšších územných celkov  |z Slovensko  |y 2013  |2 dszk  |9 1093681 
651 7 |a Dunajská Streda (Slovensko : okres)  |2 dszk  |9 145813 
651 7 |a Galanta (Slovensko : okres)  |2 dszk  |9 15964 
773 0 |t Új szó  |g Évf. 66, sz. 262 (2013.11.11, o. 6  |x 1335-7050 
852 |a DSZK  |b KIS3GCP 
958 |a HU 
958 |a SK 
999 |c 3306608  |d 3308538